=LDR 00000nam 2200000 4500 =001 INLIS000000000005037 =005 20201116103309 =035 ##$$a 0010-061300000005037 =008 201116################g##########0#ind## =041 ##$$a Ind =082 ##$$a 327.17 =090 ##$$a 327.17, San p =100 1#$$a Santoso, Lukito =245 1#$$a Peace and development, Polemology. /$c Loekito Santoso =260 ##$$a Jakarta :$b Sinar harapan,$c 1996 =300 ##$$a 141 hlm., : $b ilus, ; $c 21x14 cm =650 #4$$a Perdamaian =850 ##$$a NBPNMAT =020 ##$$a 979-416-418-6 =084 ##$$a 327.17 SAN p =250 ##$$a cet.1 =990 ##$$a 106.492/Pb.96 =990 ##$$a 104.103/Pro.96 =990 ##$$a 114.327/Pro.97 =990 ##$$a 114.326 pro.97 =990 ##$$a 104.102 pro.96